000 00468nam a2200205Ia 4500
003 OSt
005 20221007083224.0
006 a|||||r|||| 00| 0
007 ta
008 221006b |||||||| |||| 00| 0 eng d
024 _a23,634
037 _cTextual
040 _aFLL
_cFLL
_beng
041 _2eng
_aeng
100 _aBloch M.
_9629687
245 0 _aFeudal society
300 _aP.441-447
_ccm.
942 _cTEXL
_2CC
999 _c1169276
_d1169276